[Event "OMA-ch 11th"]
[Site "Muscat"]
[Date "2024.01.27"]
[Round "5"]
[White "Al Busaidi, Hamood"]
[Black "Al Rahbi, Ahmed Badar"]
[Result "1/2-1/2"]
[WhiteElo "1791"]
[BlackElo "1543"]
[PlyCount "156"]
[EventDate "2024.01.24"]
[EventType "swiss"]
[EventRounds "9"]
[EventCountry "OMN"]
[SourceTitle "CB06_2024"]
[SourceDate "2024.02.07"]
[SourceVersion "1"]
[SourceVersionDate "2024.02.07"]
[SourceQuality "1"]

1. e4 c6 2. d4 d5 3. exd5 cxd5 4. Bd3 Nc6 5. c3 Nf6 6. h3 g6 7. Nf3 Bf5 8. 0-0 Bxd3 9. Qxd3 Bg7 10. Nbd2 0-0 11. Re1 e6 12. b3 Rc8 13. Bb2 Re8 14. Rad1 Qb6 15. Qb1 a5 16. Ne5 Red8 17. Nd3 Qa7 18. a4 b6 19. Qa1 Qa6 20. Ne5 Nxe5 21. dxe5 Nd7 22. c4 Nc5 23. Qb1 dxc4 24. Nxc4 Nxa4 25. Bd4 Nc5 26. Nd6 Rb8 27. Qc2 Nb7 28. Qc7 Nxd6 29. exd6 Bxd4 30. Rxd4 Qc8 31. Rc1 Qd7 32. Rcd1 Rb7 33. Qc1 Qb5 34. R1d3 Rbd7 35. Qc3 Qc5 36. Rc4 Qb5 37. Rc6 e5 38. Qc4 Qb4 39. Qd5 Qe1+ 40. Kh2 e4 41. Re3 Qxf2 42. Rxe4 Qf6 43. Rd4 b5 44. Ra6 a4 45. bxa4 bxa4 46. Rd3 Qf4+ 47. g3 Qf2+ 48. Qg2 Qxg2+ 49. Kxg2 a3 50. Raxa3 Rxd6 51. Rxd6 Rxd6 52. Kf3 Rd4 53. Ra5 h6 54. Ra6 Kg7 55. Rb6 Rc4 56. h4 h5 57. Ra6 Rc5 58. Kf4 Rf5+ 59. Ke3 Re5+ 60. Kf4 Re6 61. Ra5 Kf6 62. Rb5 Rc6 63. Ra5 Rc4+ 64. Kf3 Ke6 65. Ke3 Kd6 66. Ra7 f6 67. Rg7 Rg4 68. Kf3 Ke5 69. Re7+ Kd6 70. Re8 Kd5 71. Re7 Kd6 72. Re8 Rc4 73. Rg8 Rc3+ 74. Kf2 Rc2+ 75. Ke1 Rg2 76. Rxg6 Ke5 77. Kf1 Rc2 78. Rh6 Kd6 1/2-1/2

[Event "World Amateur-ch U1700"]
[Site "Muscat"]
[Date "2023.11.10"]
[Round "9.7"]
[White "Zholdoshmamatov, Adilet"]
[Black "Al Rahbi, Ahmed Badar"]
[Result "1-0"]
[WhiteElo "1591"]
[BlackElo "1497"]
[PlyCount "81"]
[EventDate "2023.11.02"]
[EventType "swiss"]
[EventRounds "9"]
[EventCountry "OMN"]
[SourceTitle "CB46_2023"]
[SourceDate "2023.11.15"]
[SourceVersion "1"]
[SourceVersionDate "2023.11.15"]
[SourceQuality "1"]

1. e4 c6 2. d4 d5 3. exd5 cxd5 4. Bd3 Nc6 5. c3 e5 6. dxe5 Nxe5 7. Bb5+ Nc6 8. Nf3 Nf6 9. 0-0 Be7 10. Re1 0-0 11. h3 h6 12. Be3 a6 13. Bd3 Ne4 14. Nd4 f5 15. f3 Nc5 16. Bc2 f4 17. Bf2 Nxd4 18. Bxd4 Bf5 19. Qe2 Bxc2 20. Qxe7 Qxe7 21. Rxe7 Rfc8 22. Na3 Bf5 23. Rae1 g6 24. Rg7+ Kf8 25. Ree7 Ne6 26. Rgf7+ Kg8 27. Be5 Re8 28. Rxb7 Rad8 29. Rh7 Nc7 30. Rh8+ Kf7 31. Rxc7+ Ke6 32. Rxe8+ Rxe8 33. Bd4 Kd6 34. Ra7 Bc8 35. Kf2 Kc6 36. Nc2 g5 37. Nb4+ Kb5 38. b3 Re6 39. a4+ Ka5 40. Nd3 Rc6 41. Nb2 1-0